000 00739nam a22002177a 4500
999 _c19362
_d19362
003 AR-CdUCM
008 190517b ||||| |||| 00| 0 eng d
040 _aMUNICIPALIDAD PROVINCIAL DEL CUSCO
_cBIBLIOTECA MUNICIPAL DEL CUSCO
082 _a974 /
_bN55
100 _aRodriguez Lazcano, Catalina
_940661
245 _aTlalpan /
260 _aMéxico :
_bDelegaciones publicas,
_c1984.
300 _a169 paginas ;
_c22 cm.
505 _aContenido :Pobladores prehispanoamericanos --Albores de la colonia --Sociedad colonial --Panorama agrario ...
650 _aColonia
_91685
650 _aSociedad
_953
650 _aHispanoamericana
_96074
700 _aFernando Rodriguez
_940662
942 _2ddc
_cLIBROS
945 _arjall
_d2019-05-17